2026 MLB Network Top 100 Players Right Now - Statistics

General Stats
  • This quiz has been taken 193 times
  • The average score is 66 of 100
Answer Stats
Rank Team Position Player % Correct
1 LAD DH/SP Shohei Ohtani
99%
2 NYY RF Aaron Judge
97%
7 PIT SP Paul Skenes
93%
10 TOR 1B Vladimir Guerrero Jr.
93%
4 SEA C Cal Raleigh
92%
3 KC SS Bobby Witt Jr.
90%
20 LAD C Will Smith
90%
32 PHI 1B Bryce Harper
89%
6 NYM RF Juan Soto
89%
22 LAD 1B Freddie Freeman
88%
5 CLE 3B José Ramírez
88%
18 LAD SS Mookie Betts
88%
15 SD RF Fernando Tatis Jr.
87%
16 SEA CF Julio Rodriguez
86%
14 ATL RF Ronald Acuña Jr.
86%
8 DET SP Tarik Skubal
86%
12 NYM SS Francisco Lindor
85%
17 PHI DH Kyle Schwarber
85%
13 LAD SP Yoshinobu Yamamoto
82%
33 SD 3B Manny Machado
81%
19 AZ 2B Ketel Marte
80%
21 LAD RF Kyle Tucker
79%
11 BOS SP Garrett Crochet
78%
52 CIN SS Elly De La Cruz
77%
9 AZ RF Corbin Carroll
76%
26 BAL SS Gunnar Henderson
76%
34 BAL 1B Pete Alonso
76%
40 CHC CF Pete Crow-Armstrong
76%
27 TEX SS Corey Seager
75%
81 HOU 2B Jose Altuve
75%
31 ATL 1B Matt Olson
75%
25 PHI SS Trea Turner
75%
35 CHC 3B Alex Bregman
73%
82 LAA RF Mike Trout
73%
23 ATH 1B Nick Kurtz
73%
28 HOU LF Yordan Alvarez
72%
54 LAD SP Blake Snell
71%
44 SEA SP Bryan Woo
71%
42 MIN CF Byron Buxton
71%
38 ATL SP Chris Sale
71%
45 CIN SP Hunter Greene
70%
57 DET LF Riley Greene
70%
36 NYY SP Max Fried
69%
51 PHI SP Zack Wheeler
69%
78 MIL LF Christian Yelich
67%
55 MIL C Willson Contreras
67%
83 LAD RP Edwin Díaz
66%
61 NYY 2B Jazz Chisholm Jr.
66%
48 NYM 3B Bo Bichette
65%
43 NYY LF Cody Bellinger
65%
50 TEX SP Jacob deGrom
65%
71 TB 1B Yandy Díaz
65%
74 TOR C Alejandro Kirk
64%
84 BOS RP Aroldis Chapman
63%
37 SF SP Logan Webb
63%
85 SF 3B Matt Chapman
63%
66 FA 3B Eugenio Suárez
61%
24 AZ SS Geraldo Perdomo
61%
30 HOU SP Hunter Brown
61%
46 SF 1B Rafael Devers
61%
79 BOS SP Ranger Suárez
61%
41 BOS LF Roman Anthony
61%
47 TOR RF George Springer
60%
53 WSH LF James Wood
60%
29 PHI SP Cristopher Sánchez
59%
76 ATH SS Jacob Wilson
59%
58 BOS LF Jarren Duran
59%
60 SD RP Mason Miller
59%
62 MIL 2B Brice Turang
58%
49 HOU SS Jeremy Peña
58%
39 TB 3B Junior Caminero
58%
65 KC 3B Maikel García
58%
56 MIL LF Jackson Chourio
56%
75 CLE LF Steven Kwan
56%
59 SD CF Jackson Merrill
54%
70 SEA 1B Josh Naylor
53%
99 NYY SP Carlos Rodón
52%
92 ATH C Shea Langeliers
52%
64 TEX SP Nathan Eovaldi
51%
95 NYY 1B Ben Rice
50%
80 FA SP Framber Valdez
50%
73 MIN SP Joe Ryan
50%
72 SEA SP Logan Gilbert
50%
87 LAA SS Zach Neto
50%
77 CHC RF Seiya Suzuki
49%
86 SF SS Willy Adames
49%
91 ATH DH Brent Rooker
48%
97 COL C Hunter Goodman
48%
67 CHC 1B Michael Busch
48%
93 KC 1B Vinnie Pasquantino
48%
89 KC SP Cole Ragans
45%
63 NYM SP Freddy Peralta
45%
100 TOR SP Dylan Cease
44%
96 ATL C Drake Baldwin
43%
68 MIA LF Kyle Stowers
43%
94 DET RF Kerry Carpenter
41%
69 TEX CF Wyatt Langford
41%
88 CWS SS Colson Montgomery
39%
90 CIN SP Andrew Abbott
35%
98 STL C Iván Herrera
33%
No matching quizzes found
Score Distribution
Percent of People with Each Score
Percentile by Number Answered
Your Score History
You have not taken this quiz